[Event "Forni di Sopra op 15th"]
[Site "Forni di Sopra"]
[Date "2024.06.15"]
[Round "9"]
[White "Smit, Michiel"]
[Black "Iatrino, Vincenzo"]
[Result "1/2-1/2"]
[WhiteElo "1885"]
[BlackElo "1763"]
[PlyCount "128"]
[EventDate "2024.06.08"]
[EventType "swiss"]
[EventRounds "9"]
[EventCountry "ITA"]
[SourceTitle "CBM 220 Extra"]
[Source "ChessBase"]
[SourceDate "2024.07.31"]
[SourceVersion "1"]
[SourceVersionDate "2024.07.31"]
[SourceQuality "1"]

1. g3 d5 2. Bg2 Nf6 3. d3 Bg4 4. c4 c6 5. Qb3 Qb6 6. Be3 Qxb3 7. axb3 Na6 8. Nc3 e6 9. Nf3 Bd6 10. 0-0 0-0 11. h3 Bh5 12. Bg5 Nd7 13. Nd4 Nb4 14. cxd5 Nxd5 15. Nxd5 exd5 16. e4 dxe4 17. g4 Bg6 18. dxe4 Bc5 19. Rad1 Nb6 20. Kh1 f6 21. Ne6 fxg5 22. Nxc5 Rae8 23. f3 Re7 24. Rd2 h6 25. Ra1 Nc8 26. b4 b6 27. Nb3 Bf7 28. Nd4 Rd7 29. Rad1 Rfd8 30. Nb3 Rxd2 31. Rxd2 Rxd2 32. Nxd2 Nd6 33. Bf1 b5 34. Kg2 Kf8 35. Kf2 Ke7 36. Ke3 Ke6 37. Kd4 Nb7 38. Bd3 Kd6 39. e5+ Ke7 40. Be4 Kd7 41. Bf5+ Kc7 42. e6 Be8 43. Ke5 a5 44. bxa5 Nxa5 45. Bd3 Nb7 46. Ne4 c5 47. Nc3 c4 48. Nd5+ Kd8 49. Be4 Nc5 50. Kd4 Nxe6+ 51. Kc3 Nf4 52. Nxf4 gxf4 53. h4 g5 54. hxg5 hxg5 55. Kd4 Ke7 56. Ke5 Bd7 57. Bd5 Bc8 58. Bg8 Bd7 59. Bd5 Bc8 60. Bg8 Kf8 61. Bd5 Ke7 62. Bg8 Kf8 63. Bd5 Ke7 64. Bg8 Kd8 1/2-1/2

[Event "Forni di Sopra op 15th"]
[Site "Forni di Sopra"]
[Date "2024.06.12"]
[Round "6"]
[White "Zucchelli, Massimo1"]
[Black "Smit, Michiel"]
[Result "1-0"]
[WhiteElo "2038"]
[BlackElo "1885"]
[PlyCount "123"]
[EventDate "2024.06.08"]
[EventType "swiss"]
[EventRounds "9"]
[EventCountry "ITA"]
[SourceTitle "CBM 220 Extra"]
[Source "ChessBase"]
[SourceDate "2024.07.31"]
[SourceVersion "1"]
[SourceVersionDate "2024.07.31"]
[SourceQuality "1"]

1. d4 d5 2. c4 e6 3. Nc3 a6 4. cxd5 exd5 5. Bf4 c6 6. e3 Bd6 7. Bxd6 Qxd6 8. Bd3 Ne7 9. Qc2 Be6 10. Nf3 h6 11. 0-0 Nd7 12. Na4 Bg4 13. Nd2 Bh5 14. f4 g5 15. Nc5 Nxc5 16. dxc5 Qf6 17. f5 Qe5 18. Nb3 0-0-0 19. Rae1 f6 20. Nd4 Bf7 21. b4 Kd7 22. a4 Ke8 23. Nf3 Qc7 24. Qb2 Ng8 25. Nd4 Qe5 26. b5 axb5 27. axb5 Ne7 28. Qa3 Kf8 29. Qa7 Qb8 30. Ra1 h5 31. Qb6 Rc8 32. Ra7 Rc7 33. Qa5 Kg7 34. b6 Rd7 35. Qd2 Qe8 36. Qf2 Nc8 37. Ra3 Qe7 38. Rc3 Qe5 39. Rcc1 Re7 40. Rfe1 g4 41. g3 Ree8 42. Qf4 Rh7 43. Qxe5 Rxe5 44. Nxc6 Re8 45. Nd4 h4 46. Bf1 Ne7 47. Rc2 Rh5 48. Rf2 Rc8 49. Rc1 Be8 50. Rf4 Bd7 51. Rxg4+ Kf7 52. Rf4 Nxf5 53. Nxf5 Bxf5 54. Be2 Rg5 55. Rcf1 hxg3 56. h4 g2 57. R1f2 Rg3 58. Rxf5 Rxc5 59. Rxf6+ Ke7 60. Rf7+ Ke6 61. Rc7 Rb5 62. Bxb5 1-0

[Event "Forni di Sopra op 15th"]
[Site "Forni di Sopra"]
[Date "2024.06.11"]
[Round "5"]
[White "Smit, Michiel"]
[Black "Catanzaro, Claudio"]
[Result "1/2-1/2"]
[WhiteElo "1885"]
[BlackElo "1932"]
[PlyCount "110"]
[EventDate "2024.06.08"]
[EventType "swiss"]
[EventRounds "9"]
[EventCountry "ITA"]
[SourceTitle "CBM 220 Extra"]
[Source "ChessBase"]
[SourceDate "2024.07.31"]
[SourceVersion "1"]
[SourceVersionDate "2024.07.31"]
[SourceQuality "1"]

1. e4 c5 2. c3 Nf6 3. e5 Nd5 4. Nf3 d6 5. exd6 e6 6. Bc4 Bxd6 7. 0-0 0-0 8. d4 cxd4 9. cxd4 Nc6 10. Nc3 Nf6 11. Bg5 Be7 12. Qd3 Nb4 13. Qe2 Nbd5 14. Bd3 b6 15. Nxd5 Nxd5 16. Bxe7 Qxe7 17. Ne5 Bb7 18. f4 Rad8 19. a3 g6 20. Rac1 Rc8 21. g3 Nf6 22. Ba6 Rfd8 23. Qb5 Rxc1 24. Rxc1 Rd5 25. Qc4 Ne8 26. Bxb7 Qxb7 27. Qc8 Qxc8 28. Rxc8 Kf8 29. Ra8 Rxd4 30. Rxa7 Nd6 31. Nd7+ Kg7 32. Nxb6 Rd1+ 33. Kg2 Rd2+ 34. Kh3 Rxb2 35. Na4 Ra2 36. Nc5 Nb5 37. Rb7 Nxa3 38. Ra7 Kg8 39. Nb3 Kg7 40. Kg4 Kf6 41. h4 h6 42. Nc5 Kg7 43. Nxe6+ Kg8 44. Nd8 f5+ 45. Kf3 Rd2 46. Ne6 Rd3+ 47. Kf2 Kh8 48. h5 gxh5 49. Ng7 Nb5 50. Re7 Nd6 51. Nxh5 Ne4+ 52. Kg2 Rd2+ 53. Kf3 Rd3+ 54. Ke2 Rd2+ 55. Kf3 Rd3+ 1/2-1/2

[Event "Forni di Sopra op 15th"]
[Site "Forni di Sopra"]
[Date "2024.06.10"]
[Round "3"]
[White "Cheah, Kah Hoe"]
[Black "Smit, Michiel"]
[Result "0-1"]
[WhiteElo "1991"]
[BlackElo "1885"]
[PlyCount "100"]
[EventDate "2024.06.08"]
[EventType "swiss"]
[EventRounds "9"]
[EventCountry "ITA"]
[SourceTitle "CBM 220 Extra"]
[Source "ChessBase"]
[SourceDate "2024.07.31"]
[SourceVersion "1"]
[SourceVersionDate "2024.07.31"]
[SourceQuality "1"]

1. d4 d5 2. c4 e6 3. Nc3 a6 4. Nf3 dxc4 5. a4 Nc6 6. e3 Na5 7. Ne5 Bb4 8. Nxc4 c5 9. dxc5 Qxd1+ 10. Kxd1 Bd7 11. Nxa5 Bxa5 12. Ne4 Bc6 13. Nd6+ Ke7 14. Nc4 Bb4 15. Bd2 Bxd2 16. Kxd2 Nf6 17. f3 a5 18. Be2 Nd7 19. Nb6 Nxb6 20. cxb6 Rhd8+ 21. Bd3 Ra6 22. b4 axb4 23. Ke2 Rxa4 24. Rxa4 Bxa4 25. Ra1 Bc6 26. Rb1 Ra8 27. Bc4 Ra4 28. Kd3 Kd6 29. h4 Kc5 30. h5 h6 31. Bb3 Ra3 32. Kc2 Kxb6 33. Bxe6 fxe6 34. Rxb4+ Kc5 35. Rg4 Rxe3 36. Rxg7 Re5 37. Rg6 Rxh5 38. Rxe6 Rh2 39. Kc3 h5 40. Re5+ Bd5 41. Rg5 b5 42. f4 b4+ 43. Kd3 Rxg2 44. Rxh5 b3 45. Rh8 Kb6 46. Rb8+ Bb7 47. Re8 b2 48. Re1 Bc8 49. Kc3 Bf5 50. Re8 b1Q 0-1

[Event "Forni di Sopra op 15th"]
[Site "Forni di Sopra"]
[Date "2024.06.10"]
[Round "4"]
[White "Smit, Michiel"]
[Black "Tan, Yi Rui Ray"]
[Result "1/2-1/2"]
[WhiteElo "1885"]
[BlackElo "1925"]
[PlyCount "104"]
[EventDate "2024.06.08"]
[EventType "swiss"]
[EventRounds "9"]
[EventCountry "ITA"]
[SourceTitle "CBM 220 Extra"]
[Source "ChessBase"]
[SourceDate "2024.07.31"]
[SourceVersion "1"]
[SourceVersionDate "2024.07.31"]
[SourceQuality "1"]

1. e4 c5 2. Nf3 d6 3. g3 Nc6 4. Bg2 g6 5. c3 Bg7 6. d3 e6 7. 0-0 Nge7 8. Be3 0-0 9. a4 Rb8 10. Na3 a6 11. Qd2 b5 12. Bh6 Na5 13. Bxg7 Kxg7 14. Qe2 b4 15. Nc4 Nxc4 16. dxc4 bxc3 17. bxc3 e5 18. h3 h6 19. Rab1 Be6 20. Nd2 Qd7 21. Qd3 Rxb1 22. Rxb1 Qc7 23. Bf1 Rb8 24. Rxb8 Qxb8 25. Qb1 Qxb1 26. Nxb1 Bd7 27. a5 Nc6 28. f4 f6 29. Kf2 Kf7 30. Ke3 Nxa5 31. Kd2 Ke7 32. Kc2 Kd8 33. Nd2 Be6 34. Kb2 Kc7 35. Ka3 Kb6 36. Ka4 Bd7+ 37. Ka3 Nb7 38. Nf3 Nd8 39. Nh4 Be8 40. f5 g5 41. Ng6 Bxg6 42. fxg6 Ne6 43. Be2 Ng7 44. Bg4 Ka5 45. Bf5 Kb6 46. Ka4 a5 47. Bg4 Ka6 48. Bd7 Kb6 49. Bc8 Ne8 50. Bd7 Ng7 51. Bc8 Ne8 52. Bd7 Ng7 1/2-1/2